Learning Perl / (Record no. 2477)

MARC details
000 -LEADER
fixed length control field 00736cam a22002412 4500
001 - CONTROL NUMBER
control field 0000004128
005 - DATE AND TIME OF LATEST TRANSACTION
control field 20151217145755.0
008 - FIXED-LENGTH DATA ELEMENTS--GENERAL INFORMATION
fixed length control field 070521s xx 000 0 eng d
020 ## - INTERNATIONAL STANDARD BOOK NUMBER
International Standard Book Number 8184040040 :
Terms of availability KES 2,200
040 ## - CATALOGING SOURCE
Original cataloging agency KABU
Transcribing agency KABU
050 #0 - LIBRARY OF CONGRESS CALL NUMBER
Classification number QA76.73
Item number .P22S39 2005
100 1# - MAIN ENTRY--PERSONAL NAME
Personal name Schwartz, Randal L.
-- 0000154515
245 10 - TITLE STATEMENT
Title Learning Perl /
Statement of responsibility, etc. Randal L. Schwartz, Tom Phoenix and Brian D Foy.
250 ## - EDITION STATEMENT
Edition statement 4th ed.
260 ## - PUBLICATION, DISTRIBUTION, ETC. (IMPRINT)
Place of publication, distribution, etc. Mumbai :
Name of publisher, distributor, etc. SPD,
Date of publication, distribution, etc. 2005.
300 ## - PHYSICAL DESCRIPTION
Extent xvii, 283 p.
650 #0 - SUBJECT ADDED ENTRY--TOPICAL TERM
Topical term or geographic name as entry element Perl (Computer program language)
-- 0000154514
700 1# - ADDED ENTRY--PERSONAL NAME
Personal name Phoenix, Tom.
-- 0000154516
700 1# - ADDED ENTRY--PERSONAL NAME
Personal name Foy, Brian D.
-- 0000154517
908 ## - PUT COMMAND PARAMETER (RLIN)
Put command parameter 070521
950 ## - LOCAL HOLDINGS (RLIN)
-- 1
Holdings
Withdrawn status Lost status Source of classification or shelving scheme Not for loan Home library Current library Date acquired Total Checkouts Full call number Barcode Date last seen Price effective from Koha item type
    Library of Congress Classification   Kabarak, Main Campus Kabarak, Main Campus 17/12/2015   QA76.73 .P22S39 2005 004258 17/12/2015 17/12/2015 General Collection
Designed with assistance from East African Informatics Ltd